| 000 | 01051nam a22002537a 4500 | ||
|---|---|---|---|
| 001 | 000030502 | ||
| 003 | RuMoIPM | ||
| 005 | 20260506141156.0 | ||
| 008 | 260506s1980 ur ||||| |||| 00| 0 rus d | ||
| 040 |
_aRuMoIPM _brus _ercr |
||
| 041 | _arus | ||
| 080 | _a51 | ||
| 080 | _a517.5 | ||
| 080 | _a519.6 | ||
| 245 | 1 | 0 |
_aТ. 14 _c[И. А. Джваршейшвили, Т. А. Чантурия, А. А. Самарский, В. Л. Макаров и др.] |
| 260 | _c1980 | ||
| 300 | _a63 с. | ||
| 700 | 1 | _aДжваршейшвили, И. А. | |
| 700 | 1 | _aЧантурия Теймураз Амбросьевич | |
| 700 | 1 | _aСамарский, Александр Андреевич | |
| 700 | 1 | _aМакаров, Владимир Леонидович | |
| 773 |
_tДоклады расширенных заседаний семинара Института прикладной математики имени И. Н. Векуа. 1980 _w000030503 _aТбилисский государственный университет |
||
| 942 | _cBK | ||
| 999 |
_c30502 _d30502 |
||